1:500,000 space photomap, Phoenix south, Arizona : 1969.

Bibliographic Details
Corporate Authors: Geological Survey (U.S.), United States. National Aeronautics and Space Administration
Format: Map
Language:English
Published: Washington, D.C. : U.S. Dept. of the Interior, Geological Survey, [1970]
Subjects:

MARC

Tag First Indicator Second Indicator Subfields
LEADER 00000cem a2200000 a 4500
001 in00001480310
005 20151021064601.0
007 aj canzn
008 871201s1970 dcuabg cc a f 0 eng d
034 1 |a a  |b 500000  |d W1160000  |e W1085400  |f N0332000  |g N0311500 
035 |a (OCoLC)17156748 
035 |9 AJG6296AM 
040 |a GSN  |c GSN  |d OCL  |d TXA  |d UtOrBLW 
045 0 |b d1969 
049 |a TXAC 
052 |a 4334  |b P5 
090 |a G4334.P5A4 1969  |b .U5 
110 2 |a Geological Survey (U.S.) 
245 1 0 |a 1:500,000 space photomap, Phoenix south, Arizona :  |b 1969. 
255 |a Scale 1:500,000 ;  |b Lambert conformal conic proj., standard parallels 33⁰20ʹ and 38⁰40ʹ  |c (W 116⁰00ʹ--W 108⁰54ʹ/N 33⁰20ʹ--N 31⁰15ʹ). 
264 1 |a Washington, D.C. :  |b U.S. Dept. of the Interior, Geological Survey,  |c [1970] 
300 |a 1 map :  |b color ;  |c 47 x 135 cm., on sheet 61 x 141 cm., folded to 20 x 29 cm. 
336 |a cartographic image  |b cri  |2 rdacontent 
337 |a unmediated  |b n  |2 rdamedia 
338 |a sheet  |b nb  |2 rdacarrier 
500 |a Relief shown by contours, shading, and spot heights. 
500 |a Alternate title from upper margin: Phoenix south, space photomap 1:500,000. 
500 |a "Prepared by the U.S. Geological Survey in cooperation with the National Aeronautics and Space Administration using rectified photography from Gemini 3, March 1965; Gemini 5, August 1965; Apollo 6, April 1968; and Apollo 9, March 1969." 
500 |a "Base information from Phoenix 1:500,000 scale, Sectional Aeronautical Chart prepared by the Environmental Science Services Administration, Coast and Geodetic Survey, Washington, D.C." 
500 |a "Experimental printing." 
500 |a Includes distance conversion scale and grid zone designation table on bottom margin. 
500 |a Cartographic material. 
651 0 |a Phoenix (Ariz.)  |x Remote-sensing maps. 
650 0 |a Remote sensing  |z Arizona  |z Phoenix  |v Maps. 
710 1 |a United States.  |b National Aeronautics and Space Administration. 
740 0 |a Phoenix south, space photomap 1:500,000. 
948 |a c:jlg 
999 |a MARS 
999 f f |s 3c29bed2-8814-3c06-a66a-aa671913518f  |i 57014a69-c061-3b8b-af88-1337295db1ac  |t 0 
952 f f |p normal  |a Texas A&M University  |b College Station  |c Sterling C. Evans Library  |d Evans: Maps (2nd floor)  |t 0  |e G4334.P5 A4 1969 .U5  |h Library of Congress classification  |i unmediated -- sheet  |m A14824238038 
998 f f |a G4334.P5 A4 1969 .U5  |t 0  |l Evans: Maps (2nd floor)